| 000 | 01925cam a22003974a 4500 | ||
|---|---|---|---|
| 001 | 16874103 | ||
| 003 | OSt | ||
| 005 | 20140310182751.0 | ||
| 008 | 110715s2012 miu b 001 0 eng | ||
| 010 | _a 2011029919 | ||
| 020 | _a9780802866790 (pbk. : alk. paper) | ||
| 020 | _a0802866794 (pbk. : alk. paper) | ||
| 035 | _a(OCoLC)ocn742017611 | ||
| 040 |
_aDLC _beng _cDLC _dYDX _dBTCTA _dEMT _dYDXCP _dBWX _dDLC |
||
| 042 | _apcc | ||
| 050 | 0 | 0 |
_aBM 487 _b.V255 2012 |
| 082 | 0 | 0 |
_aM 221.44 _bV255 2012 |
| 100 | 1 | _aVanderKam, James C. | |
| 245 | 1 | 4 |
_aThe Dead Sea scrolls and the Bible / _cVanderKam, James C. |
| 260 |
_aGrand Rapids, Mich. : _bW.B. Eerdmans, _c2012. |
||
| 300 |
_axiv, 188 p. ; _c23 cm. |
||
| 500 | _a"Six of the seven chapters in The Dead Sea scrolls and the Bible began as the Speaker's Lectures at Oxford University, delivered during the first two weeks of May 2009"--Introd. | ||
| 504 | _aIncludes bibliographical references (p. 167-182) and index. | ||
| 505 | 0 | _aThe "Biblical" scrolls and their implications -- Commentary on older scripture in the scrolls -- Authoritative literature according to the scrolls -- New copies of old texts -- Groups and group controversies in the scrolls -- The Dead Sea scrolls and the New Testament Gospels -- The Dead Sea scrolls, the Acts of the Apostles, and the letters of Paul. | |
| 521 | _acollege students | ||
| 526 | _c1210L-1700L | ||
| 541 | _j1 | ||
| 562 | _e1 | ||
| 630 | 0 | 0 | _aDead Sea scrolls. |
| 630 | 0 | 0 |
_aDead Sea scrolls _xRelation to the Old Testament. |
| 630 | 0 | 0 |
_aDead Sea scrolls _xRelation to the New Testament. |
| 650 | 0 |
_aJudaism _xHistory _yPost-exilic period, 586 B.C.-210 A.D. |
|
| 906 |
_a7 _bcbc _corignew _d1 _eecip _f20 _gy-gencatlg |
||
| 942 |
_2lcc _cBK _kM |
||
| 999 |
_c15741 _d15741 |
||